Estatísticas para Os 5 maiores países da Oceania em 20 seg

Clique aqui para jogar o quiz

Estatísticas Gerais

  • Esse quiz foi jogado 146 vezes
  • A pontuação média é 4 de 5

Respostas no mapa

Respostas codificadas por cores de uma escala verde-vermelha no mapa do quiz de acordo com a % correta abaixo.
 

Estatísticas das Respostas

Respostas% Correto
Australia
100%
Nova Zelândia
98%
Papua-Nova Guiné
87%
Fiji
67%
Ilhas Salomão
50%

Distribuição das Pontuações

Percentil de Números Respondidos

Porcentagem de Pessoas com Cada Pontuação

Sua Pontuação Histórica

Você não jogou esse quiz